00385nam a2200145Ia 4500008004100000020001800041041000800059082001700067100001300084245006900097260002500166300000800191365001700199700002300216230718s9999 xx 000 0 und d a9789352139323 aeng a005.268bLEW aLewis S. aNative Mobile DevelopmentbA Cross-Reference For iOS And Android c2019bSPD / O'reilly a375 cRs.b1200.00 aLewis S. & Dunn M.